000 00457nam a2200181Ia 4500
003 IIN
005 20250507122013.0
008 231217s9999 xx 000 0 und d
020 _cRs.495.00
_a9789354656934
040 _aIIN
_bEnglish
082 _a610.73
_bSRE
100 1 _a Sreevani, R
245 1 _aApplied Sociology for Nurses/
_cR. Sreevani
260 _aNew Delhi
_bJaypee
_c2022
300 _axiii, 209p.
650 _aSociology
942 _cBOOK
999 _c1135
_d1135